Historia argentina /

Guardado en:
Autor Principal: Ibañez, José Cosmelli
Formato: Libro
Publicado: Argentina : Troquel, 1979
Edición:25
Materias:
Etiquetas: Agregar Etiqueta
Sin Etiquetas, Sea el primero en etiquetar este registro!
LEADER 01613nam a22003615a 4500
001 CEM.cems003377
005 19000101000000.0
008 130507s1979##################000#0#####d
003 CEMS
082 0 4 |a 982 
100 1 |a Ibañez, José Cosmelli 
245 1 0 |a Historia argentina /  |c José Cosmelli Ibañez 
250 |a 25 
260 |a Argentina :  |b Troquel,  |c 1979 
300 |a 539 p. 
653 |a Historia 
653 |a Historia argentina 
859 |a CEMS  |b BIB. CEMS - 11 de abril  |h 982  |i Ib1a25  |p 17142.93  |t Ej.17 
859 |a CEMS  |b BIB. CEMS - 11 de abril  |h 982  |i Ib1a25  |p 7068.79  |t Ej.1 
859 |a CEMS  |b BIB. CEMS - 11 de abril  |h 982  |i Ib1a25  |p 7069.79  |t Ej.3 
859 |a CEMS  |b BIB. CEMS - 11 de abril  |h 982  |i Ib1a25  |p 7071.79  |t Ej.4 
859 |a CEMS  |b BIB. CEMS - 11 de abril  |h 982  |i Ib1a25  |p 7072.79  |t Ej.5 
859 |a CEMS  |b BIB. CEMS - 11 de abril  |h 982  |i Ib1a25  |p 7074.79  |t Ej.6 
859 |a CEMS  |b BIB. CEMS - 11 de abril  |h 982  |i Ib1a25  |p 7076.79  |t Ej.8 
859 |a CEMS  |b BIB. CEMS - 11 de abril  |h 982  |i Ib1a25  |p 7077.79  |t Ej.9 
859 |a CEMS  |b BIB. CEMS - 11 de abril  |h 982  |i Ib1a25  |p 7567.80  |t Ej.11 
859 |a CEMS  |b BIB. CEMS - 11 de abril  |h 982  |i Ib1a25  |p 7568.80  |t Ej.12 
859 |a CEMS  |b BIB. CEMS - 11 de abril  |h 982  |i Ib1a25  |p 7569.80  |t Ej.13 
859 |a CEMS  |b BIB. CEMS - 11 de abril  |h 982  |i Ib1a25  |p 7570.80  |t Ej.14 
859 |a CEMS  |b BIB. CEMS - 11 de abril  |h 982  |i Ib1a25  |p 7571.80  |t Ej.15 
859 |a CEMS  |b BIB. CEMS - 11 de abril  |h 982  |i Ib1a25  |p 7572.80  |t Ej.16 
859 |a CEMS  |b BIB. CEMS - 11 de abril  |h 982  |i Ib1a25  |p 7573.80  |t Ej.10 
859 |a CEMS  |b BIB. CEMS - 11 de abril  |h 982  |i Ib1a25  |p 99888.88  |t Ej.7